000 00364 a2200169 4500
001 182076
020 _a85-7056-361-2
040 _cMagnum
100 _aNoronha, Teresa
240 1 0 _aO príncipe fantasma
_lpor
245 1 0 _aO príncipe fantasma
300 _a95
362 0 _a1991
440 1 _aAtual Editora
697 _aLITERATURA JUVENIL
942 _cBK
999 _c182076
_d182076